[Event "Wch U14 Girls"]
[Site "Durres"]
[Date "2025.10.04"]
[Round "1"]
[White "Gailevska, Milana"]
[Black "Bassari, Senem Gul"]
[Result "1-0"]
[WhiteElo "1794"]
[BlackElo "2227"]
[PlyCount "147"]
[EventDate "2025.10.04"]
[EventType "swiss"]
[EventRounds "11"]
[EventCountry "ALB"]
[SourceTitle "CB42_2025"]
[SourceDate "2025.10.15"]
[SourceVersion "1"]
[SourceVersionDate "2025.10.15"]
[SourceQuality "1"]

1. d4 Nf6 2. c4 g6 3. Nc3 Bg7 4. e4 d6 5. Be2 0-0 6. Nf3 Nbd7 7. 0-0 e5 8. Qc2 Qe7 9. Be3 exd4 10. Nxd4 Nc5 11. f3 a5 12. Rad1 c6 13. Rfe1 Nh5 14. Bf1 Bd7 15. Qd2 Rfd8 16. Nb3 Nxb3 17. axb3 Be6 18. Bg5 Bf6 19. Bxf6 Qxf6 20. Re3 Ng7 21. Rd3 Ne8 22. f4 Rd7 23. e5 Qf5 24. Be2 g5 25. Rg3 dxe5 26. Bd3 Qxf4 27. Rxg5+ Kh8 28. Qxf4 exf4 29. Bc2 Rxd1+ 30. Bxd1 Nf6 31. Kf1 h6 32. Re5 Kg7 33. Bf3 Nd7 34. Rh5 Nf6 35. Rh4 Rd8 36. Ke2 Nd7 37. Rxf4 Nc5 38. Ke3 Nxb3 39. Bd1 Nc5 40. Bc2 Re8 41. Kd4 b6 42. Ne4 Rd8+ 43. Kc3 Na6 44. Nf6 Nb4 45. Nh5+ Kg8 46. Bb1 Rd1 47. Nf6+ Kf8 48. Bh7 Kg7 49. b3 Re1 50. Be4 Re3+ 51. Kb2 Rxe4 52. Ne8+ Kf8 53. Rxe4 Kxe8 54. Rh4 Nd3+ 55. Kc3 Nc5 56. Rxh6 Ne4+ 57. Kb2 c5 58. Rh8+ Kd7 59. h4 a4 60. bxa4 Nd6 61. h5 Nxc4+ 62. Kc3 Ke7 63. h6 Kf6 64. Rg8 Bf5 65. Kxc4 Bh7 66. Rg3 Bc2 67. Kb5 Be4 68. Kxb6 c4 69. a5 c3 70. Rxc3 Kg6 71. Rc6+ Kh7 72. g3 f5 73. a6 f4 74. gxf4 1-0

[Event "Skopje op-B"]
[Site "Skopje"]
[Date "2024.12.15"]
[Round "6"]
[White "Markusheski, Mihail"]
[Black "Bassari, Senem Gul"]
[Result "0-1"]
[WhiteElo "1696"]
[BlackElo "1844"]
[PlyCount "50"]
[EventDate "2024.12.11"]
[EventType "swiss"]
[EventRounds "9"]
[EventCountry "MKD"]
[SourceTitle "CB52_2024"]
[SourceDate "2024.12.25"]
[SourceVersion "1"]
[SourceVersionDate "2024.12.25"]
[SourceQuality "1"]

1. d4 Nf6 2. Bf4 g6 3. Nc3 d5 4. Nf3 Bg7 5. Qd2 Bf5 6. Nh4 Be6 7. Nf3 a6 8. g3 Nc6 9. Bg2 Ne4 10. Nxe4 dxe4 11. Ng5 Bd5 12. Bxe4 h6 13. Bxd5 Qxd5 14. Nf3 g5 15. Be5 f6 16. Bxc7 g4 17. c4 Qd7 18. Bb6 gxf3 19. exf3 0-0 20. f4 Na7 21. 0-0 Nc8 22. Bc5 Nd6 23. Rac1 Rfd8 24. Rfd1 Rac8 25. f5 Qxf5 0-1

[Event "EU-ch U12 Girls"]
[Site "Prague"]
[Date "2024.08.30"]
[Round "8"]
[White "Ejsymont, Blanka"]
[Black "Bassari, Senem Gul"]
[Result "1-0"]
[WhiteElo "1861"]
[BlackElo "1774"]
[PlyCount "99"]
[EventDate "2024.08.22"]
[EventType "swiss"]
[EventRounds "9"]
[EventCountry "CZE"]
[SourceTitle "CBM 221 Extra"]
[Source "ChessBase"]
[SourceDate "2024.09.30"]
[SourceVersion "1"]
[SourceVersionDate "2024.09.30"]
[SourceQuality "1"]

1. d4 Nf6 2. c4 g6 3. Nc3 Bg7 4. e4 d6 5. h3 Nbd7 6. Be3 e5 7. d5 Qe7 8. Qd2 c5 9. g4 Nb6 10. Bd3 Bd7 11. Nge2 Rb8 12. Ng3 Nc8 13. a4 a6 14. f3 h5 15. Bg5 Qf8 16. 0-0-0 Nh7 17. Be3 h4 18. Nge2 g5 19. a5 Qe7 20. Kc2 0-0 21. Ra1 Rd8 22. Rhb1 b5 23. axb6 Rxb6 24. Ra3 Be8 25. Rba1 Qb7 26. Nd1 f6 27. Qc1 Rd7 28. Nec3 Qa8 29. Qb1 Ra7 30. Qa2 Nf8 31. Na4 Rb4 32. Nxc5 dxc5 33. Bxc5 Qb7 34. Bxb4 Qxb4 35. Rxa6 Rxa6 36. Qxa6 Nd6 37. Qa3 Qb8 38. Qa7 Qc8 39. Qa6 Qc7 40. Qa7 Qc8 41. Qa6 Qc7 42. Ne3 Qc5 43. Qa7 Qc8 44. c5 Nd7 45. c6 Nf8 46. Qc5 Nb7 47. Qe7 Nd8 48. Nf5 Nf7 49. Qb7 Bd7 50. Ne7+ 1-0

[Event "EU-ch U12 Girls"]
[Site "Prague"]
[Date "2024.08.24"]
[Round "3"]
[White "Bassari, Senem Gul"]
[Black "Mirzaliyeva, Fatima Eldar"]
[Result "1-0"]
[WhiteElo "1774"]
[BlackElo "1604"]
[PlyCount "53"]
[EventDate "2024.08.22"]
[EventType "swiss"]
[EventRounds "9"]
[EventCountry "CZE"]
[SourceTitle "CBM 221 Extra"]
[Source "ChessBase"]
[SourceDate "2024.09.30"]
[SourceVersion "1"]
[SourceVersionDate "2024.09.30"]
[SourceQuality "1"]

1. e4 c5 2. Nf3 d6 3. d3 Nf6 4. g3 g6 5. Bg2 Bg7 6. 0-0 0-0 7. Nc3 Nc6 8. Be3 Rb8 9. Qe2 b6 10. h3 Bb7 11. Rad1 Re8 12. Qd2 Na5 13. Bh6 c4 14. Bxg7 Kxg7 15. Rfe1 b5 16. a3 a6 17. d4 e6 18. Nh4 Nc6 19. e5 dxe5 20. dxe5 Ng8 21. Qf4 Qe7 22. Ne4 Red8 23. Qe3 Nxe5 24. Nc5 Nc6 25. Nxa6 Bxa6 26. Bxc6 Rd6 27. Qe5+ 1-0

[Event "Izmir Arena IM5"]
[Site "Izmir"]
[Date "2024.07.11"]
[Round "8"]
[White "Bassari, Senem Gul"]
[Black "Pacher, Milan"]
[Result "0-1"]
[WhiteElo "1768"]
[BlackElo "2384"]
[PlyCount "102"]
[EventDate "2024.07.08"]
[EventType "tourn"]
[EventRounds "10"]
[EventCountry "TUR"]
[EventCategory "1"]
[SourceTitle "CBM 221 Extra"]
[Source "ChessBase"]
[SourceDate "2024.09.30"]
[SourceVersion "1"]
[SourceVersionDate "2024.09.30"]
[SourceQuality "1"]

1. e4 c5 2. Nf3 Nc6 3. d4 cxd4 4. Nxd4 e5 5. Nb5 d6 6. N1c3 a6 7. Na3 Be7 8. Nc4 b5 9. Ne3 Nf6 10. Bd3 0-0 11. 0-0 Rb8 12. Ncd5 Nxd5 13. Nxd5 Bg5 14. c3 Bxc1 15. Rxc1 Ne7 16. Ne3 Be6 17. a3 a5 18. Qd2 Qb6 19. Rfd1 Rfd8 20. Bb1 b4 21. axb4 axb4 22. h3 bxc3 23. bxc3 d5 24. exd5 Nxd5 25. Nxd5 Rxd5 26. Qg5 h6 27. Qg3 Qd6 28. Rxd5 Qxd5 29. Qd3 Qxd3 30. Bxd3 Kf8 31. Kf1 Ke7 32. c4 Rb3 33. Be2 g5 34. c5 Kd7 35. Bf3 Rb4 36. Rd1+ Kc7 37. Bd5 Rd4 38. Rxd4 exd4 39. Bf3 Bf5 40. Ke1 Bb1 41. Kd2 f5 42. Bh5 Kc6 43. Bg6 Kxc5 44. g4 Kd5 45. Ke2 Ke5 46. Bh7 Kf4 47. Kd2 fxg4 48. Bxb1 gxh3 49. Ba2 Ke5 50. f4+ gxf4 51. Ke2 h2 0-1

[Event "Izmir Arena IM5"]
[Site "Izmir"]
[Date "2024.07.09"]
[Round "4"]
[White "Bassari, Senem Gul"]
[Black "Sevgi, Volkan"]
[Result "0-1"]
[WhiteElo "1768"]
[BlackElo "2332"]
[PlyCount "84"]
[EventDate "2024.07.08"]
[EventType "tourn"]
[EventRounds "10"]
[EventCountry "TUR"]
[EventCategory "1"]
[SourceTitle "CBM 221 Extra"]
[Source "ChessBase"]
[SourceDate "2024.09.30"]
[SourceVersion "1"]
[SourceVersionDate "2024.09.30"]
[SourceQuality "1"]

1. e4 c6 2. Nf3 g6 3. d4 d5 4. e5 Bg4 5. Be2 e6 6. Bg5 Qb6 7. b3 c5 8. c3 Bxf3 9. Bxf3 cxd4 10. cxd4 Nc6 11. Be3 Nge7 12. Bg4 Qb4+ 13. Qd2 Nxe5 14. dxe5 Qxg4 15. 0-0 Nc6 16. f4 d4 17. Bf2 Be7 18. a4 Rd8 19. Na3 Bb4 20. Qc1 d3 21. Nc4 0-0 22. h3 Qe2 23. Nd6 d2 24. Qd1 Qd3 25. Bh4 Bxd6 26. exd6 Qd4+ 27. Bf2 Qxd6 28. Be3 Qd3 29. Bc5 Nd4 30. Bxf8 Ne2+ 31. Kh2 Nc3 32. Qg4 Kxf8 33. Rf3 Qd4 34. Rxc3 Qxc3 35. Rd1 Qxb3 36. f5 exf5 37. Qg5 Qd3 38. Kh1 Kg7 39. Qe7 Qd4 40. Qxb7 Re8 41. Qb1 Qc3 42. Kh2 Re1 0-1

[Event "Izmir Arena IM5"]
[Site "Izmir"]
[Date "2024.07.09"]
[Round "3"]
[White "Pacher, Milan"]
[Black "Bassari, Senem Gul"]
[Result "1-0"]
[WhiteElo "2384"]
[BlackElo "1768"]
[PlyCount "114"]
[EventDate "2024.07.08"]
[EventType "tourn"]
[EventRounds "10"]
[EventCountry "TUR"]
[EventCategory "1"]
[SourceTitle "CBM 221 Extra"]
[Source "ChessBase"]
[SourceDate "2024.09.30"]
[SourceVersion "1"]
[SourceVersionDate "2024.09.30"]
[SourceQuality "1"]

1. b3 Nf6 2. Bb2 g6 3. c4 Bg7 4. Nf3 0-0 5. g3 d6 6. Bg2 e5 7. 0-0 Nc6 8. Nc3 Be6 9. Rc1 Nd7 10. e3 e4 11. Ne1 Nc5 12. Ba3 f5 13. d4 exd3 14. Bxc5 dxc5 15. Nxd3 Qe7 16. Na4 Rad8 17. Bxc6 bxc6 18. Naxc5 Bc8 19. Qf3 Rf6 20. b4 Rfd6 21. Nf4 g5 22. Ne2 Rd2 23. Nd4 Bxd4 24. exd4 R2xd4 25. Qxc6 R4d6 26. Qf3 f4 27. Rfe1 Qf7 28. Re5 h6 29. Rce1 Rd2 30. gxf4 gxf4 31. Kh1 Kh8 32. Re7 Qxc4 33. Qh5 Qd5+ 34. Qxd5 R2xd5 35. Rxc7 Bg4 36. Kg2 Rg8 37. Ne4 Be2+ 38. Ng3 fxg3 39. Rxe2 gxh2+ 40. Kh1 Rh5 41. Re1 Rh4 42. a3 a6 43. Ra7 Rhg4 44. Ree7 Rf8 45. Rxa6 Kg8 46. Kxh2 Rg5 47. f4 Rg4 48. f5 Rxf5 49. Ra8+ Rf8 50. Rxf8+ Kxf8 51. Re3 Kf7 52. b5 Rg6 53. a4 Rb6 54. Rb3 Ke6 55. a5 Rb8 56. a6 Kd6 57. a7 Kd5 1-0

[Event "GEO World Cup-B U12 Girls"]
[Site "Batumi"]
[Date "2024.06.27"]
[Round "5"]
[White "Bassari, Senem Gul"]
[Black "Bakhshizada, Asnad"]
[Result "1-0"]
[WhiteElo "1768"]
[BlackElo "1748"]
[PlyCount "146"]
[EventDate "2024.06.23"]
[EventType "swiss"]
[EventRounds "7"]
[EventCountry "GEO"]
[SourceTitle "EXT 2025"]
[Source "ChessBase"]
[SourceDate "2024.10.14"]
[SourceVersion "1"]
[SourceVersionDate "2024.10.14"]
[SourceQuality "1"]

1. e4 e6 2. d4 d5 3. exd5 exd5 4. Nf3 Nf6 5. Bd3 Bd6 6. Bg5 h6 7. Bh4 0-0 8. 0-0 Bg4 9. Nbd2 Nbd7 10. c4 c6 11. Qc2 Rc8 12. c5 Bb8 13. Rfe1 Re8 14. h3 Bxf3 15. Bxf6 Nxf6 16. Nxf3 Qa5 17. Ne5 b6 18. Bf5 Rc7 19. cxb6 axb6 20. Re2 Rce7 21. Re3 Bxe5 22. dxe5 Rxe5 23. Rxe5 Rxe5 24. Qxc6 Qb4 25. Qc8+ Re8 26. Qc2 Qf4 27. Rd1 Qe5 28. a4 Qe2 29. b4 Qa6 30. Bd3 Qa7 31. Bb5 Rd8 32. Qf5 Qe7 33. Qf4 Ne4 34. Bd3 Nc3 35. Ra1 d4 36. Qf5 g6 37. Qf4 Kg7 38. a5 Qxb4 39. Qe5+ Kg8 40. Qc7 Ra8 41. a6 Qc5 42. Qb7 Qf8 43. Bc4 Rb8 44. Bxf7+ Kg7 45. Qc7 Qd8 46. Qxd8 Rxd8 47. a7 Ra8 48. Bc4 Kf6 49. g3 Ke5 50. Bf1 Kd6 51. Bg2 Nd5 52. Kf1 d3 53. Ke1 Re8+ 54. Kd2 Nc7 55. a8Q Nxa8 56. Bxa8 Re2+ 57. Kxd3 Rxf2 58. Rc1 Kd7 59. Ke3 Ra2 60. Be4 Ra3+ 61. Kf4 g5+ 62. Kg4 h5+ 63. Kxg5 Rxg3+ 64. Kh4 Ra3 65. Bf5+ Kd6 66. Kxh5 b5 67. Kg5 b4 68. h4 b3 69. Rb1 Kc5 70. h5 Kd4 71. h6 Kc3 72. h7 Ra8 73. Rh1 Rh8 1-0

[Event "GEO World Cup-B U12 Girls"]
[Site "Batumi"]
[Date "2024.06.24"]
[Round "2"]
[White "Amanzhol, Khanzada"]
[Black "Bassari, Senem Gul"]
[Result "1-0"]
[WhiteElo "1685"]
[BlackElo "1768"]
[PlyCount "143"]
[EventDate "2024.06.23"]
[EventType "swiss"]
[EventRounds "7"]
[EventCountry "GEO"]
[SourceTitle "EXT 2025"]
[Source "ChessBase"]
[SourceDate "2024.10.14"]
[SourceVersion "1"]
[SourceVersionDate "2024.10.14"]
[SourceQuality "1"]

1. e4 c5 2. Nf3 d6 3. d4 cxd4 4. Qxd4 Nc6 5. Bb5 Bd7 6. Bxc6 bxc6 7. Nc3 e5 8. Qd3 h6 9. b3 Nf6 10. Bb2 Be7 11. 0-0-0 0-0 12. h3 Be6 13. g4 Nh7 14. Qa6 Qc7 15. Kb1 Rfd8 16. Rhg1 Ng5 17. Nxg5 Bxg5 18. Na4 Rab8 19. Qe2 c5 20. c4 Rb4 21. Nc3 a6 22. Nd5 Bxd5 23. Rxd5 a5 24. Kc2 a4 25. Rd3 Rdb8 26. Rc3 Qb7 27. Qd3 Bd8 28. Ba3 Rb6 29. Qf3 Ra6 30. Bb2 Ba5 31. Rd3 Bd8 32. Rgd1 Be7 33. h4 Bxh4 34. Rxd6 axb3+ 35. axb3 Rxd6 36. Rxd6 Bf6 37. Rd5 Qc7 38. Qe3 Rc8 39. Ba3 Be7 40. Qd3 Qa5 41. Bb2 Qe1 42. Qf3 Bf6 43. Bc3 Qg1 44. Rd1 Qh2 45. Rh1 Qf4 46. Qxf4 exf4 47. Bxf6 gxf6 48. Rxh6 Kg7 49. Rh5 Kg6 50. Rf5 f3 51. Rxf3 Kg5 52. Rf5+ Kg6 53. Kc3 Rc7 54. b4 cxb4+ 55. Kxb4 Rb7+ 56. Ka5 Rb1 57. c5 Re1 58. f3 Rc1 59. Kb6 Kg7 60. c6 Kf8 61. c7 Ke7 62. Rc5 Rxc5 63. Kxc5 Kd7 64. Kb6 Kc8 65. Kc6 f5 66. exf5 f6 67. Kd6 Kb7 68. Kd7 Ka7 69. c8Q Kb6 70. Qc6+ Ka7 71. Qb5 Ka8 72. Kc7 1-0

[Event "TUR-ch (Women)"]
[Site "Gaziantep"]
[Date "2024.03.04"]
[Round "3"]
[White "Karka, Kardelen"]
[Black "Bassari, Senem Gul"]
[Result "0-1"]
[WhiteElo "1501"]
[BlackElo "1689"]
[PlyCount "82"]
[EventDate "2024.03.03"]
[EventType "swiss"]
[EventRounds "9"]
[EventCountry "TUR"]
[SourceTitle "CBM 219 Extra"]
[Source "ChessBase"]
[SourceDate "2024.05.31"]
[SourceVersion "1"]
[SourceVersionDate "2024.05.31"]
[SourceQuality "1"]

1. e4 c5 2. Nf3 d6 3. Nc3 Nf6 4. d3 g6 5. g3 Bg7 6. Bg2 0-0 7. 0-0 Nc6 8. Bd2 a6 9. Qc1 Bd7 10. a3 Qc8 11. Bh6 Bh3 12. Bxg7 Kxg7 13. Nd5 Bxg2 14. Kxg2 Nxd5 15. exd5 Nd4 16. Nxd4 cxd4 17. c4 Qf5 18. Qd2 h5 19. h4 e5 20. Rae1 Qd7 21. f4 f6 22. Rf2 Rae8 23. fxe5 dxe5 24. Qb4 b5 25. b3 bxc4 26. bxc4 Rb8 27. Qc5 Rfc8 28. Qa5 Qd6 29. Qa4 f5 30. Rfe2 Re8 31. Kf3 Re7 32. Kf2 f4 33. Rg1 Qf6 34. Qc6 fxg3+ 35. Kxg3 Qf4+ 36. Kg2 Rf7 37. d6 Qg4+ 38. Kh1 Qxe2 39. Rg2 Qe1+ 40. Rg1 Qxh4+ 41. Kg2 Rb2# 0-1

[Event "World School-ch U11 Girls"]
[Site "Rhodes"]
[Date "2023.04.21"]
[Round "8"]
[White "Bassari, Senem Gul"]
[Black "Buyankhishig, Batpelden"]
[Result "0-1"]
[WhiteElo "1592"]
[BlackElo "1399"]
[PlyCount "80"]
[EventDate "2023.04.14"]
[EventType "swiss"]
[EventRounds "9"]
[EventCountry "GRE"]
[SourceTitle "EXT 2024"]
[Source "ChessBase"]
[SourceDate "2023.10.10"]
[SourceVersion "1"]
[SourceVersionDate "2023.10.10"]
[SourceQuality "1"]

1. e4 Nf6 2. e5 Nd5 3. d4 d6 4. c4 Nb6 5. exd6 cxd6 6. Nc3 g6 7. b3 Bg7 8. Bb2 0-0 9. Nf3 Nc6 10. h3 Bf5 11. Bd3 Bxd3 12. Qxd3 e5 13. dxe5 dxe5 14. Qxd8 Raxd8 15. Ne4 Nc8 16. 0-0 Rfe8 17. Rad1 b6 18. Ba3 f5 19. Nd6 Nxd6 20. Bxd6 e4 21. Nh2 Rd7 22. Bf4 Red8 23. Rxd7 Rxd7 24. f3 Bd4+ 25. Kh1 e3 26. Re1 Bc3 27. Rxe3 Rd1+ 28. Nf1 Rxf1+ 29. Kh2 Bd4 30. Re8+ Kf7 31. Rc8 Bg1+ 32. Kg3 Nd4 33. Rc7+ Kf6 34. Bg5+ Kxg5 35. h4+ Kf6 36. Rxa7 Bf2+ 37. Kh2 Ne2 38. g4 Bg1+ 39. Kh1 Rf2 40. g5+ Ke6 0-1

[Event "EU-ch U10 Girls 30th"]
[Site "Antalya"]
[Date "2022.11.14"]
[Round "9"]
[White "Bassari, Senem Gul"]
[Black "Torun, Selin"]
[Result "1/2-1/2"]
[WhiteElo "1638"]
[BlackElo "1226"]
[PlyCount "101"]
[EventDate "2022.11.06"]
[EventType "swiss"]
[EventRounds "9"]
[EventCountry "TUR"]
[SourceTitle "EXT 2024"]
[Source "ChessBase"]
[SourceDate "2023.10.10"]
[SourceVersion "1"]
[SourceVersionDate "2023.10.10"]
[SourceQuality "1"]

1. e4 e6 2. d4 d5 3. Nd2 c5 4. Ngf3 cxd4 5. Nxd4 Nc6 6. Bb5 Bd7 7. Nxc6 Bxc6 8. Bxc6+ bxc6 9. 0-0 Nf6 10. Qf3 Be7 11. e5 Nd7 12. Qg3 0-0 13. Nf3 Kh8 14. h4 Nc5 15. h5 Ne4 16. Qg4 h6 17. Nd2 Nxd2 18. Bxd2 Qb8 19. Bc3 c5 20. f4 d4 21. Bd2 Qxb2 22. f5 exf5 23. Qxf5 Qb7 24. Rf3 Qd5 25. Rg3 Rae8 26. Qg4 Rg8 27. Re1 Bd8 28. Qf5 Bh4 29. Bf4 Bxg3 30. Bxg3 Qe6 31. Qf2 Qxa2 32. Bf4 Qe6 33. Ra1 Ra8 34. Ra3 a5 35. Rf3 a4 36. Ra3 Qb6 37. Kh2 Qb2 38. Qf3 Qxc2 39. Qc6 Qf5 40. Qf3 Rgd8 41. g4 Qc2+ 42. Kh3 d3 43. Bxh6 d2 44. Bxg7+ Kg8 45. e6 fxe6 46. Qe3 d1Q 47. Qxe6+ Kh7 48. Qh6+ Kg8 49. Qe6+ Kh7 50. Qh6+ Kg8 51. Qe6+ 1/2-1/2